000 00750nam a22002177a 4500
003 0
005 20250906092148.0
008 250906b xxu||||| |||| 00| 0 eng d
020 _a978-1-0719-2495-2
050 _aLB 3012
_b.T46 2025
100 _aThompson, Larry,
_eauthor.
245 _aResponsibility-centered discipline :
_bkeeping students on the path of accountability /
_cLarry Thompson.
260 _aThousand Oaks, California :
_bCorwin, a Sage Company,
_c2025.
300 _aix, 108 pages :
_billustrations ;
_c26 cm.
504 _aIncludes bibliographical references and index.
650 _aClassroom management.
650 _aSchool discipline.
650 _aBehavior modification.
650 _aStudent behavior.
942 _2lcc
_cBK
999 _c367792
_d367792